Senior Art centrum

Enregistré dans:
Détails bibliographiques
Auteur principal: Novacká, Jana (Auteur)
Autres auteurs: Ilkovičová, Ľubica (Directeur de thèse)
Format: Manuscrit Livre
Langue:slovaque
Publié: Bratislava 2017
Sujets:
Accès en ligne:http://is.stuba.sk/zp/portal_zp.pl?podrobnosti=111969
Tags: Ajouter un tag
Pas de tags, Soyez le premier à ajouter un tag!

MARC

LEADER 00000ntm a22000003a 4500
001 stuzp63714
003 SK-STU
005 20210202105523.7
007 ta
008 150427s2015----xo-----f-mn---000-0-slo-d
040 |a STU  |b slo 
041 0 |a slo 
100 1 |a Novacká, Jana  |u 054140  |4 aut  |U FAD Fakulta architektúry  |T FA Ústav konštrukcií v architektúre a inžinierskych stavieb  |X 65395  |U A4140  |Y 395  |7 65395 
242 0 1 |a Senior Art center  |y eng 
245 1 0 |a Senior Art centrum 
260 |c 2017  |a Bratislava 
650 4 |a senior  |2 slo 
650 4 |a kultúra  |2 slo 
650 4 |a architektúra  |2 slo 
650 4 |a art centrum  |2 slo 
650 4 |a senior  |2 eng 
650 4 |a culture  |2 eng 
650 4 |a architecture  |2 eng 
650 4 |a art center  |2 eng 
700 1 |a Ilkovičová, Ľubica  |u 054140  |k Z1  |4 ths  |U FAD Fakulta architektúry  |T FA Ústav konštrukcií v architektúre a inžinierskych stavieb  |X 443  |U A4140  |Y 395  |7 A000000443 
856 4 |u http://is.stuba.sk/zp/portal_zp.pl?podrobnosti=111969  |u https://opac.crzp.sk/?fn=detailBiblioForm&sid=85D30AFD35884905439AB94E20A9